Catholic University of Zimbabwe Library
Online Public Access Catalogue
(OPAC)

Elements of chemistry (Record no. 10404)

MARC details
000 -LEADER
fixed length control field 00322 a2200109 4500
005 - DATE AND TIME OF LATEST TRANSACTION
control field 20191017173538.0
084 ## - OTHER CLASSIFICATION NUMBER
Classification number QD41 .A54
100 ## - MAIN ENTRY--PERSONAL NAME
Personal name R.B Bucat
245 ## - TITLE STATEMENT
Title Elements of chemistry
Medium print
260 ## - PUBLICATION, DISTRIBUTION, ETC.
Place of publication, distribution, etc. ilu
Name of publisher, distributor, etc. American school of correspondence
Date of publication, distribution, etc. [c1907]
300 ## - PHYSICAL DESCRIPTION
Extent 64 p. illus. 25 cm.
Other physical details 64 p. illus. 25 cm.
Dimensions 64 p. illus. 25 cm.
650 ## - SUBJECT ADDED ENTRY--TOPICAL TERM
Topical term or geographic name entry element Chemistry

No items available.

OPENING HOURS

Weekdays: 0815hrs - 1800hrs
Weekends:0900hrs - 1200hrs

Closed for Mass:

Mon, Thur: 1200hrs - 1300hrs
Sunday & Public Holiday’s

CALL SUPPORT

0242-570570, 0242-570169
09200664, +263 8644140602

LOCATION

18443, Cranborne Avenue, Hatfield, Harare

Other Links


©2021 | CUZ Library